Strzelcy Premier League w klubach 2016/17 - Statystyki

Ogólne statystyki
  • Ten quiz został rozwiązany 34 razy
  • Średni wynik to 12 z 20
Statystyki odpowiedzi
Klub Narodowość # Nazwisko % Poprawnych
Arsenal Chile 24 Alexis Sánchez
100%
Tottenham Hotspur Anglia 29 Harry Kane
100%
Liverpool Brazylia/Senegal 13 Philippe Coutinho/Sadio Mané
100%
Everton Belgia 25 Romelu Lukaku
100%
Manchester City Argentyna 20 Sergio Agüero
100%
Manchester United Szwecja 17 Zlatan Ibrahimović
100%
Leicester City Anglia 13 Jamie Vardy
97%
Chelsea Hiszpania 20 Diego Costa
94%
West Ham United Jamajka 9 Michail Antonio
71%
Bournemouth Norwegia 16 Joshua King
61%
Crystal Palace Belgia 15 Christian Benteke
55%
West Bromwich Albion Wenezuela 8 Salomón Rondón
48%
Stoke City Anglia 7 Peter Crouch
29%
Watford Anglia 10 Troy Deeney
29%
Swansea City Hiszpania 15 Fernando Llorente
26%
Middlesbrough Hiszpania 9 Álvaro Negredo
19%
Sunderland Anglia 15 Jermain Defoe
19%
Burnley Walia 10 Sam Vokes
16%
Southampton Anglia 7 Nathan Redmond
3%
Hull City Szkocja 7 Robert Snodgrass
3%
Nie znaleziono quizów pasujących do podanych kryteriów
Rozkład punktacji
Procent ludzi z każdym wynikiem
Percentyl według liczby udzielonych odpowiedzi
Twoja historia wyników
Nie rozwiązałeś tego quizu